000 01047cam a22002174a 4500
005 20250605164127.0
008 250528s ||||||||||||||||||||||||d
035 _a18500
020 _a6755883
040 _aGR-AtMCL
_bgre
_dGR-AtMCL
_eAACR2
245 1 _aMathematics for Today's Consumer / With Career Applications
260 _bCharles E. Merrill Publishing Company,
_c1979
300 _a418
520 _aMoney Management, Earning Money, Checking Account, Savings Account, Credit Cards, Income Tax, Consumer Decisions, Buying a Car, Buying a House, Comparative Shopping, Student Supply Store, Insurance, Useful Measures and Data, Tables and Schedules, Reading and Constructing Graphs, Working with Data, Reading Measures, Useful Calculations, Measurement ans Estimation, Length and Distance, Other Common Measurements, Ratio and Proposion, Area, Volume, Key Skills, Special Topics.
700 1 _aBrown Olene
_94762
700 1 _aCharles Michael
_94763
700 1 _aPrice. Jack
_94764
942 _cBK
999 _c3858
_d3858